L'année 2023 en sport - Statistiques

Statistiques générales
  • Ce quiz a été pris 128 fois
  • Le résultat moyen est 15 sur 20
Statistiques - réponses
Questions Réponses % Correct
Quel club de foot a remporté la Ligue des Champions ? Manchester City
96%
Quel attaquant norvégien était également un grand prétendant à cette récompense ? Erling Haaland
95%
Quel pays remporte la Ligue des Nations ? Espagne
94%
Quel tennisman remporte L'Open d'Australie ? Novak Djokovic
93%
Quel tennisman remporte Roland-Garros ? Novak Djokovic
93%
Quel tennisman remporte L'US Open ? Novak Djokovic
93%
Quelle équipe française remporte le Top 14 ? Stade Toulousain
92%
Quelle équipe a remporté la Coupe de France ? Toulouse FC
92%
Quel tennisman remporte Wimbledon ? Carlos Alcaraz
91%
Quel joueur a remporté le Ballon d'Or ? Lionel Messi
88%
Quel pays remporte le Tournoi des Six Nations ? Irlande
83%
Quel pilote de Formule 1 remporte les Championnats du Monde ? Max Verstappen
83%
Quelle équipe française remporte la Champions Cup ? Stade Rochelais
67%
Quelle tenniswoman remporte Roland-Garros ? Iga Swiatek
64%
Quel cycliste remporte le Tour de France ? Jonas Vingegaard
64%
Quel pays remporte les championnats du monde de Basket-ball avec Dennis Schroder ? Allemagne
62%
Quelle équipe remporte les finales NBA ? Denver Nuggets
44%
Quel cycliste remporte le Tour d'Italie ? Primoz Roglic
44%
Qui remporte le titre MVP ? Joel Embiid
32%
Quel cycliste remporte le Tour d'Espagne ? Sepp Kuss
18%
Aucun quiz correspondant
Distribution des résultats
% des personnes avec chaque résultat
Percentile par nombre de réponses
Votre historique - résultats
Vous n’avez pas pris ce quiz